Reforming key international financial institutions for the 21st century : hearing before the Subcommittee on Security and International Trade and Finance of the Committee on Banking, Housing, and Urban Affairs, United States Senate, One Hundred Tenth Congress, first session ... Thursday, August 2, 2007.

Bibliographic Details
Corporate Author: United States. Congress. Senate. Committee on Banking, Housing, and Urban Affairs. Subcommittee on Security and International Trade and Finance
Format: Government Document eBook
Language:English
Published: Washington : U.S. G.P.O., 2009.
Series:S. hrg. ; 110-929
Subjects:
Online Access:https://purl.fdlp.gov/GPO/LPS120400

MARC

Tag First Indicator Second Indicator Subfields
LEADER 00000cam a2200000 a 4500
001 in00002592425
005 20211202193230.0
006 m d f
007 cr bn|||||||||
008 100312s2009 dcu ob f000 0 eng c
035 |a (OCoLC)ocn551681533 
037 |a 552-070-40282-9  |b GPO  |f paper 
040 |a GPO  |c GPO  |d UBY  |d OCLCQ  |d GPO  |d MvI  |d UtOrBLW 
042 |a pcc 
049 |a WWW 
050 1 4 |a KF26  |b .B3958 2009a 
074 |a 1035-E (online) 
086 0 |a Y 4.B 22/3:S.HRG.110-929 
110 1 |a United States.  |b Congress.  |b Senate.  |b Committee on Banking, Housing, and Urban Affairs.  |b Subcommittee on Security and International Trade and Finance. 
245 1 0 |a Reforming key international financial institutions for the 21st century :  |b hearing before the Subcommittee on Security and International Trade and Finance of the Committee on Banking, Housing, and Urban Affairs, United States Senate, One Hundred Tenth Congress, first session ... Thursday, August 2, 2007. 
264 1 |a Washington :  |b U.S. G.P.O.,  |c 2009. 
300 |a 1 online resource (iii, 72 pages). 
336 |a text  |b txt  |2 rdacontent 
337 |a computer  |b c  |2 rdamedia 
338 |a online resource  |b cr  |2 rdacarrier 
490 1 |a S. hrg. ;  |v 110-929 
500 |a Title from title screen (viewed on Mar. 12, 2010). 
500 |a Paper version available for sale by the Supt. of Docs., U.S. G.P.O. 
504 |a Includes bibliographical references. 
500 |a Electronic resource. 
610 2 0 |a International Monetary Fund  |x Evaluation. 
610 2 0 |a World Bank  |x Evaluation. 
650 0 |a Development banks  |x Evaluation. 
650 0 |a Economic assistance  |x Evaluation. 
776 0 8 |i Print version:  |a United States. Congress. Senate. Committee on Banking, Housing, and Urban Affairs. Subcommittee on Security and International Trade and Finance.  |t Reforming key international financial institutions for the 21st century  |h iii, 72 p.  |w (OCoLC)496014724 
776 0 8 |i Microfiche:  |a United States. Congress. Senate. Committee on Banking, Housing, and Urban Affairs. Subcommittee on Security and International Trade and Finance.  |t Reforming key international financial institutions for the 21st century  |h iii, 72 p.  |w (OCoLC)650564265 
810 1 |a United States.  |b Congress.  |b Senate.  |t S. hrg. ;  |v 110-929. 
856 4 0 |u https://purl.fdlp.gov/GPO/LPS120400  |t 0 
999 |a MARS 
999 f f |s 3beb7a5d-6534-3dee-a354-741ee5300374  |i 6d7201c3-4309-37fc-b0ac-24aaa3c36f11  |t 0 
952 f f |a Texas A&M University  |b College Station  |c Electronic Resources  |d Available Online  |t 0  |e Y 4.B 22/3:S.HRG.110-929  |h Superintendent of Documents classification 
998 f f |a Y 4.B 22/3:S.HRG.110-929  |t 0  |l Available Online